000
00299nam a2200109Ia 4500
008
200302s9999 xx 000 0 und d
100
_a
Hamish Muir
245
_a
The Phaidon Atlas of contemporary world architecture travel edition
260
_b
Phaidon Press Ltd.
260
_c
2005
300
_a
437 P.,
999
_c
4180
_d
4180